Medieval Europe /

محفوظ في:

المؤلف الرئيسي: Davis, H. W. Carless.‪ 1874-1928 (مؤلف)

التنسيق: كتاب

اللغة: English

منشور في: London ; New York : Oxford University Press, 1946.

سلاسل: Home university library of modern knowledge ; 13.

الموضوعات:

الوسوم: إضافة وسم

لا توجد وسوم, كن أول من يضع وسما على هذه التسجيلة!

رقم الطلب: D118 .D22 1946

LEADER 00886namaa2200265 4500
001 21121
003 OSt
005 20251125101344.0
008 130303s1946 enkb b 001 0 eng d
010 |a 60003318 
040 |c ARCE Library 
043 |a e------ 
050 4 |a D118 .D22 1946 
100 1 |a Davis, H. W. Carless.‪  |q (Henry William Carless),‪  |d 1874-1928,  |e author 
245 1 0 |a Medieval Europe /  |c by H. W. C. Davis. 
264 1 |a London ;  |a New York :  |b Oxford University Press,  |c 1946. 
300 |a 196 pages :   |b maps ;   |c 17 cm. 
490 1 |a Home university library of modern knowledge ;   |v 13. 
504 |a Includes bibliographical references (page 189-190) and indexes. 
650 0 |a Middle Ages  |x History. 
651 0 |a Europe  |x History  |y 476-1492. 
830 0 |a Home university library of modern knowledge ;   |v 13. 
901 |a reviewed 
942 |c BK  |2 lcc 
999 |c 18622  |d 18622